[Event "FRA-chTW Top 12 2019"]
[Site "Vandoeuvre"]
[Date "2019.05.04"]
[Round "4.9"]
[White "Collas, Silvia"]
[Black "Shvayger, Yuliya"]
[Result "0-1"]
[WhiteElo "2279"]
[BlackElo "2373"]
[Annotator "NA RC"]
[PlyCount "84"]
[EventDate "2019.05.02"]
[EventType "team-tourn"]
[EventCountry "FRA"]
[SourceTitle "playchess.com"]
[Source "ChessBase"]
[SourceQuality "1"]
[TimeControl "40/5400+30:1800+30"]

1. Nf3 {[%emt 0:00:00]} d5 {[%emt 0:00:00]} 2. d4 {[%emt 0:00:00]} Nf6 {[%emt 0:00:45]} 3. c4 {[%emt 0:00:51]} e6 {[%emt 0:00:11]} 4. Nc3 {[%emt 0:00:28]} Nbd7 {[%emt 0:01:25]} 5. cxd5 {[%emt 0:05:43]} exd5 {[%emt 0:00:20]} 6. Bg5 {[%emt 0:00:08]} Be7 {[%emt 0:02:23]} 7. e3 {[%emt 0:00:34]} O-O {[%emt 0:01:45]} 8. Bd3 {[%emt 0:00:06]} c6 {[%emt 0:00:08]} 9. Qc2 {[%emt 0:00:16]} Re8 {[%emt 0:01:04]} 10. O-O {[%emt 0:00:52]} h6 {[%emt 0:03:07]} 11. Bxf6 {[%emt 0:02:43]} Nxf6 {[%emt 0:05:45]} 12. h3 {[%emt 0:08:13]} Bd6 {[%emt 0:00:24]} 13. a3 {[%emt 0:03:12]} a5 {[%emt 0:00:12]} 14. Rab1 {[%emt 0:06:25]} Qe7 {[%emt 0:05:11]} 15. Na4 {[%emt 0:02:53]} Ne4 {[%emt 0:15:21]} 16. Nb6 {[%emt 0:08:53]} Rb8 {[%emt 0:00:12]} 17. Nxc8 {[%emt 0:00:07]} Rbxc8 {[%emt 0:00:03]} 18. b4 {[%emt 0:15:21]} axb4 {[%emt 0:01:38]} 19. axb4 {[%emt 0:00:06]} b5 {[%emt 0:00:15]} 20. Bxe4 {[%emt 0:06:53]} dxe4 {[%emt 0:02:45]} 21. Nd2 {[%emt 0:00:05]} f5 {[%emt 0:01:41]} 22. Rfc1 {[%emt 0:00:08]} Kh7 {[%emt 0:08:53]} 23. Qc3 {[%emt 0:01:10]} Rc7 {[%emt 0:00:33]} 24. Rb3 {[%emt 0:05:42]} Ra8 {[%emt 0:01:16]} 25. f3 {[%emt 0:01:05]} exf3 {[%emt 0:04:09]} 26. Nxf3 {[%emt 0:00:07]} Ra4 {[%emt 0:01:16]} 27. Ne5 {[%emt 0:03:25]} Bxe5 {[%emt 0:03:50]} 28. dxe5 {[%emt 0:00:05]} c5 {[%emt 0:00:48]} 29. Rf1 {[%emt 0:14:35]} c4 {[%emt 0:02:51]} 30. Rb2 {[%emt 0:00:30]} Qe6 {[%emt 0:03:34]} 31. Rbf2 {[%emt 0:00:49]} Rd7 {[%emt 0:03:19]} 32. Rxf5 {[%emt 0:02:16]} Ra2 {[%emt 0:03:15]} 33. e4 {[%emt 0:04:02]} Rd3 {[%emt 0:04:42]} 34. Qe1 {[%emt 0:01:02]} Rxh3 {[%emt 0:02:37]} 35. R1f2 {[%emt 0:03:43]} Rha3 {[%emt 0:00:46]} 36. Rxa2 {[%emt 0:00:00]} Rxa2 {[%emt 0:00:03]} 37. Qe3 {[%emt 0:02:00]} Ra1+ {[%emt 0:11:24]} 38. Kf2 {[%emt 0:01:12]} Qe7 {[%emt 0:02:00]} 39. Qf4 {[%emt 0:03:17]} Qxb4 {[%emt 0:01:43]} 40. Kg3 {[%emt 0:00:29]} Qe1+ {[%emt 0:00:51]} 41. Kg4 {[%emt 0:30:15]} Ra2 {[%emt 0:31:11]} 42. Qf3 {[%emt 0:00:14]} Re2 {[%emt 0:02:03]} 0-1

[Event "FRA-chTW Top 12 2019"]
[Site "Vandoeuvre"]
[Date "2019.05.04"]
[Round "4.10"]
[White "Le Du, Maelle"]
[Black "Cramling, Pia"]
[Result "0-1"]
[WhiteElo "1673"]
[BlackElo "2454"]
[Annotator "ChessBase"]
[PlyCount "84"]
[EventDate "2019.05.02"]
[EventType "team-tourn"]
[EventCountry "FRA"]
[SourceTitle "playchess.com"]
[Source "ChessBase"]
[SourceQuality "1"]
[TimeControl "40/5400+30:1800+30"]

1. d4 {[%emt 0:00:00]} Nf6 {[%emt 0:00:00]} 2. Nf3 {[%emt 0:00:00]} b6 {[%emt 0:00:00]} 3. e3 {[%emt 0:01:23]} Bb7 {[%emt 0:00:17]} 4. b3 {[%emt 0:01:44]} g6 {[%emt 0:05:50]} 5. Bb2 {[%emt 1:29:23]} Bg7 {[%emt 0:00:07]} 6. Bd3 {[%emt 0:00:00]} O-O {[%emt 0:02:42]} 7. O-O {[%emt 0:00:00]} c5 {[%emt 0:05:02]} 8. Nbd2 {[%emt 0:00:00]} Nc6 {[%emt 0:03:48]} 9. c3 {[%emt 0:00:00]} d6 {[%emt 0:05:42]} 10. Rc1 {[%emt 0:00:00]} cxd4 {[%emt 0:07:20]} 11. cxd4 {[%emt 0:00:00]} Nb4 {[%emt 0:05:25]} 12. Bb1 {[%emt 0:00:00]} Ba6 {[%emt 0:01:46]} 13. Re1 {[%emt 0:00:00]} Nd3 {[%emt 0:06:08]} 14. Bxd3 {[%emt 0:00:00]} Bxd3 {[%emt 0:00:03]} 15. Nc4 {[%emt 0:00:00]} Be4 {[%emt 0:00:59]} 16. Qe2 {[%emt 0:00:00]} Bb7 {[%emt 0:06:22]} 17. Ncd2 {[%emt 0:00:00]} Qd7 {[%emt 0:07:30]} 18. e4 {[%emt 0:00:00]} Rac8 {[%emt 0:04:38]} 19. d5 {[%emt 0:00:00]} Nxd5 {[%emt 0:12:45]} 20. Bxg7 {[%emt 0:00:00]} Nf4 {[%emt 0:00:07]} 21. Qe3 {[%emt 0:00:37]} Qg4 {[%emt 0:00:22]} 22. g3 {[%emt 0:01:20]} Nh3+ {[%emt 0:00:07]} 23. Kg2 {[%emt 0:00:58]} Kxg7 {[%emt 0:00:11]} 24. Ng1 {[%emt 0:03:13]} Nxg1 {[%emt 0:01:11]} 25. Kxg1 {[%emt 0:00:09]} Qd7 {[%emt 0:01:14]} 26. Nf3 {[%emt 0:01:44]} Rc5 {[%emt 0:06:52]} 27. Rxc5 {[%emt 0:00:54]} dxc5 {[%emt 0:00:44]} 28. Ne5 {[%emt 0:00:34]} Qe6 {[%emt 0:00:53]} 29. f4 {[%emt 0:00:59]} Rd8 {[%emt 0:01:03]} 30. Nc4 {[%emt 0:00:38]} Qd7 {[%emt 0:00:28]} 31. Kf2 {[%emt 0:00:31]} Qh3 {[%emt 0:01:43]} 32. Kg1 {[%emt 0:00:17]} Rd4 {[%emt 0:00:19]} 33. Nd2 {[%emt 0:00:54]} Qd7 {[%emt 0:00:44]} 34. Re2 {[%emt 0:00:24]} Ba6 {[%emt 0:01:42]} 35. Rf2 {[%emt 0:00:12]} Rd3 {[%emt 0:00:22]} 36. Qe1 {[%emt 0:00:09]} Qd4 {[%emt 0:00:39]} 37. Kg2 {[%emt 0:00:38]} Re3 {[%emt 0:01:29]} 38. Qc1 {[%emt 0:00:59]} Bb7 {[%emt 0:00:39]} 39. Qc2 {[%emt 0:00:51]} Rxe4 {[%emt 0:01:12]} 40. Kf1 {[%emt 0:00:25]} Re3 {[%emt 0:01:35]} 41. Nc4 {[%emt 0:30:24]} Qa1+ {[%emt 0:30:12]} 42. Qd1 {[%emt 0:00:27]} Qxd1# {[%emt 0:00:03]} 0-1

[Event "FRA-chTW Top 12 2019"]
[Site "Vandoeuvre"]
[Date "2019.05.04"]
[Round "4.10"]
[White "Gospodaru, Teodora"]
[Black "Belluire, Beatrice"]
[Result "0-1"]
[WhiteElo "1434"]
[BlackElo "1913"]
[Annotator "NA"]
[PlyCount "86"]
[EventDate "2019.05.02"]
[EventType "team-tourn"]
[EventCountry "FRA"]
[SourceTitle "playchess.com"]
[Source "ChessBase"]
[SourceQuality "1"]
[TimeControl "40/5400+30:1800+30"]

1. d4 {[%emt 0:00:00]} Nf6 {[%emt 0:00:00]} 2. Nf3 {[%emt 0:00:00]} g6 {[%emt 0:00:00]} 3. c4 {[%emt 0:00:00]} c5 {[%emt 0:00:00]} 4. d5 {[%emt 0:00:00]} b5 {[%emt 0:00:00]} 5. Qc2 {[%emt 0:00:02]} b4 {[%emt 0:04:46]} 6. e4 {[%emt 0:03:33]} d6 {[%emt 0:00:08]} 7. Nbd2 {[%emt 0:01:37]} Bg7 {[%emt 0:00:28]} 8. a3 {[%emt 0:00:06]} O-O {[%emt 0:07:20]} 9. Be2 {[%emt 0:01:10]} a5 {[%emt 0:00:59]} 10. O-O {[%emt 0:03:22]} Bb7 {[%emt 0:00:51]} 11. h3 {[%emt 0:06:56]} Nbd7 {[%emt 0:00:56]} 12. Ne1 {[%emt 0:01:25]} e5 {[%emt 0:03:17]} 13. Nd3 {[%emt 0:07:57]} Nb6 {[%emt 0:16:30]} 14. f4 {[%emt 0:07:32]} exf4 {[%emt 0:02:21]} 15. Nxf4 {[%emt 0:02:04]} Qe7 {[%emt 0:04:02]} 16. Bf3 {[%emt 0:08:16]} Rfe8 {[%emt 0:01:44]} 17. Re1 {[%emt 0:03:58]} Ba6 {[%emt 0:00:35]} 18. Nd3 {[%emt 0:07:48]} Nfd7 {[%emt 0:01:46]} 19. Rb1 {[%emt 0:02:20]} Ne5 {[%emt 0:02:01]} 20. Nxe5 {[%emt 0:07:08]} Qxe5 {[%emt 0:00:12]} 21. Be2 {[%emt 0:05:38]} Bc8 {[%emt 0:16:39]} 22. Nf3 {[%emt 0:06:06]} Qg3 {[%emt 0:15:11]} 23. Kf1 {[%emt 0:06:18]} f5 {[%emt 0:09:26]} 24. Bd3 {[%emt 0:05:22]} fxe4 {[%emt 0:00:23]} 25. Bxe4 {[%emt 0:03:04]} Bf5 {[%emt 0:00:23]} 26. Bxf5 {[%emt 0:01:40]} Rxe1+ {[%emt 0:00:24]} 27. Nxe1 {[%emt 0:00:05]} Rf8 {[%emt 0:01:01]} 28. Nf3 {[%emt 0:02:29]} Rxf5 {[%emt 0:00:05]} 29. Be3 {[%emt 0:01:28]} Rxf3+ {[%emt 0:03:43]} 30. gxf3 {[%emt 0:01:02]} Qxf3+ {[%emt 0:00:01]} 31. Qf2 {[%emt 0:01:03]} Qh1+ {[%emt 0:00:58]} 32. Qg1 {[%emt 0:00:07]} Qxh3+ {[%emt 0:01:46]} 33. Ke2 {[%emt 0:01:12]} Nxc4 {[%emt 0:01:29]} 34. axb4 {[%emt 0:01:44]} Qh5+ {[%emt 0:03:36]} 35. Kf1 {[%emt 0:02:23]} Qf3+ {[%emt 0:00:31]} 36. Bf2 {[%emt 0:01:43]} Nd2+ {[%emt 0:00:20]} 37. Ke1 {[%emt 0:00:07]} Nxb1 {[%emt 0:00:14]} 38. Qg5 {[%emt 0:00:19]} Bf6 {[%emt 0:01:23]} 39. Qc1 {[%emt 0:00:06]} Qh1+ {[%emt 0:00:29]} 40. Ke2 {[%emt 0:00:05]} Qxc1 {[%emt 0:00:05]} 41. Be3 {[%emt 0:30:01]} Qc2+ {[%emt 0:30:18]} 42. Kf3 {[%emt 0:00:04]} Nd2+ {[%emt 0:00:11]} 43. Bxd2 {[%emt 0:00:06]} Qxd2 {[%emt 0:00:04]} 0-1

[Event "FRA-chTW Top 12 2019"]
[Site "Vandoeuvre"]
[Date "2019.05.04"]
[Round "4.11"]
[White "Leconte, Maria"]
[Black "Hamelin, Isabelle"]
[Result "1-0"]
[WhiteElo "2246"]
[BlackElo "1609"]
[Annotator "NA"]
[PlyCount "61"]
[EventDate "2019.05.02"]
[EventType "team-tourn"]
[EventCountry "FRA"]
[SourceTitle "playchess.com"]
[Source "ChessBase"]
[SourceQuality "1"]
[TimeControl "40/5400+30:1800+30"]

1. Nf3 {[%emt 0:00:00]} d5 {[%emt 0:00:00]} 2. b3 {[%emt 0:00:30]} Nf6 {[%emt 0:00:00]} 3. Bb2 {[%emt 0:00:09]} e6 {[%emt 0:00:01]} 4. e3 {[%emt 0:00:36]} Be7 {[%emt 0:00:25]} 5. d4 {[%emt 0:00:26]} b6 {[%emt 0:00:21]} 6. Bd3 {[%emt 0:00:43]} Bb7 {[%emt 0:00:09]} 7. Nbd2 {[%emt 0:01:21]} O-O {[%emt 0:00:22]} 8. Ne5 {[%emt 0:03:46]} Nbd7 {[%emt 0:01:27]} 9. O-O {[%emt 0:01:31]} a6 {[%emt 0:01:45]} 10. Qf3 {[%emt 0:04:50]} c5 {[%emt 0:02:00]} 11. Qh3 {[%emt 0:05:02]} h6 {[%emt 0:06:27]} 12. Rad1 {[%emt 0:02:49]} Nxe5 {[%emt 0:04:08]} 13. dxe5 {[%emt 0:03:14]} Nh7 {[%emt 0:04:28]} 14. f4 {[%emt 0:03:40]} Bc8 {[%emt 0:02:23]} 15. c4 {[%emt 0:05:49]} f5 {[%emt 0:03:21]} 16. Nf3 {[%emt 0:14:08]} Rf7 {[%emt 0:07:55]} 17. cxd5 {[%emt 0:06:49]} exd5 {[%emt 0:01:52]} 18. Bc4 {[%emt 0:00:04]} Be6 {[%emt 0:02:16]} 19. e4 {[%emt 0:00:48]} Qd7 {[%emt 0:08:05]} 20. exd5 {[%emt 0:00:22]} Qe8 {[%emt 0:03:03]} 21. dxe6 {[%emt 0:00:11]} Rf8 {[%emt 0:00:02]} 22. Rd7 {[%emt 0:02:25]} b5 {[%emt 0:01:34]} 23. Bd5 {[%emt 0:00:11]} Rb8 {[%emt 0:00:46]} 24. Nh4 {[%emt 0:01:16]} Kh8 {[%emt 0:00:47]} 25. Rxe7 {[%emt 0:00:56]} Qh5 {[%emt 0:02:16]} 26. Bf3 {[%emt 0:00:34]} Ng5 {[%emt 0:00:55]} 27. Bxh5 {[%emt 0:03:11]} Nxh3+ {[%emt 0:00:08]} 28. gxh3 {[%emt 0:00:02]} Kh7 {[%emt 0:01:12]} 29. Rd1 {[%emt 0:00:27]} Rbd8 {[%emt 0:02:52]} 30. Rxd8 {[%emt 0:00:21]} Rxd8 {[%emt 0:00:03]} 31. Rd7 {[%emt 0:00:04]} 1-0

[Event "FRA-chTW Top 12 2019"]
[Site "Vandoeuvre"]
[Date "2019.05.04"]
[Round "4.11"]
[White "Nicolas, Gabrielle"]
[Black "Klipper, Noemie"]
[Result "1-0"]
[WhiteElo "1733"]
[BlackElo "1816"]
[Annotator "NA RC"]
[PlyCount "93"]
[EventDate "2019.05.02"]
[EventType "team-tourn"]
[EventCountry "FRA"]
[SourceTitle "playchess.com"]
[Source "ChessBase"]
[SourceQuality "1"]
[TimeControl "40/5400+30:1800+30"]

1. d4 {[%emt 0:00:00]} Nf6 {[%emt 0:00:00]} 2. Nf3 {[%emt 0:00:04]} e6 {[%emt 0:00:00]} 3. e3 {[%emt 0:01:27]} c5 {[%emt 0:02:38]} 4. Bd3 {[%emt 0:03:12]} d5 {[%emt 0:05:38]} 5. b3 {[%emt 0:04:03]} cxd4 {[%emt 0:09:26]} 6. exd4 {[%emt 0:06:36]} Bd6 {[%emt 0:03:55]} 7. O-O {[%emt 0:01:15]} O-O {[%emt 0:01:10]} 8. Bg5 {[%emt 0:03:16]} Nbd7 {[%emt 0:01:18]} 9. c3 {[%emt 0:07:54]} Qc7 {[%emt 0:12:50]} 10. Qc2 {[%emt 0:05:55]} b6 {[%emt 0:04:45]} 11. Nbd2 {[%emt 0:03:53]} Bb7 {[%emt 0:00:29]} 12. a4 {[%emt 0:06:50]} Rac8 {[%emt 0:16:57]} 13. Rfc1 {[%emt 0:01:40]} h6 {[%emt 0:14:28]} 14. Bh4 {[%emt 0:04:34]} Nh5 {[%emt 0:05:48]} 15. Nf1 {[%emt 0:06:18]} e5 {[%emt 0:03:28]} 16. Bf5 {[%emt 0:04:00]} e4 {[%emt 0:03:28]} 17. N3d2 {[%emt 0:04:56]} Nf4 {[%emt 0:02:20]} 18. Qd1 {[%emt 0:02:54]} Rce8 {[%emt 0:08:50]} 19. Ng3 {[%emt 0:09:35]} g5 {[%emt 0:00:36]} 20. Nh5 {[%emt 0:02:52]} Nxh5 {[%emt 0:00:17]} 21. Qxh5 {[%emt 0:00:12]} Nf6 {[%emt 0:01:28]} 22. Qxh6 {[%emt 0:01:11]} Bxh2+ {[%emt 0:00:18]} 23. Kh1 {[%emt 0:00:59]} Qf4 {[%emt 0:00:23]} 24. Qxg5+ {[%emt 0:03:19]} Qxg5 {[%emt 0:01:30]} 25. Bxg5 {[%emt 0:00:05]} Kg7 {[%emt 0:00:00]} 26. Kxh2 {[%emt 0:00:37]} Rh8+ {[%emt 0:00:00]} 27. Kg1 {[%emt 0:00:50]} Rh5 {[%emt 0:00:00]} 28. Bxf6+ {[%emt 0:00:44]} Kxf6 {[%emt 0:00:00]} 29. Bh3 {[%emt 0:01:25]} Ba6 {[%emt 0:00:59]} 30. c4 {[%emt 0:01:34]} Rg8 {[%emt 0:00:03]} 31. Kf1 {[%emt 0:00:58]} dxc4 {[%emt 0:01:27]} 32. Nxe4+ {[%emt 0:00:51]} Ke7 {[%emt 0:00:23]} 33. bxc4 {[%emt 0:00:20]} Rd5 {[%emt 0:00:24]} 34. Ra3 {[%emt 0:01:29]} Rxd4 {[%emt 0:00:12]} 35. Re3 {[%emt 0:00:40]} Kd8 {[%emt 0:01:07]} 36. Ke1 {[%emt 0:00:56]} Re8 {[%emt 0:00:37]} 37. Rd1 {[%emt 0:02:00]} Rxd1+ {[%emt 0:00:14]} 38. Kxd1 {[%emt 0:00:09]} Bxc4 {[%emt 0:00:14]} 39. Kd2 {[%emt 0:00:37]} Be6 {[%emt 0:01:18]} 40. Nf6 {[%emt 0:01:03]} Re7 {[%emt 0:00:08]} 41. Bxe6 {[%emt 0:30:27]} fxe6 {[%emt 0:30:05]} 42. g4 {[%emt 0:00:15]} e5 {[%emt 0:00:32]} 43. g5 {[%emt 0:00:16]} Re6 {[%emt 0:00:31]} 44. Ng4 {[%emt 0:01:10]} e4 {[%emt 0:00:11]} 45. Nf6 {[%emt 0:00:45]} Re5 {[%emt 0:00:26]} 46. Nxe4 {[%emt 0:00:14]} Rf5 {[%emt 0:00:19]} 47. g6 {[%emt 0:00:22]} 1-0

[Event "FRA-chTW Top 12 2019"]
[Site "Vandoeuvre"]
[Date "2019.05.04"]
[Round "4.12"]
[White "Gromas, Hermine"]
[Black "Dornbusch, Tatiana"]
[Result "0-1"]
[WhiteElo "1476"]
[BlackElo "2285"]
[Annotator "NA"]
[PlyCount "42"]
[EventDate "2019.05.02"]
[EventType "team-tourn"]
[EventCountry "FRA"]
[SourceTitle "playchess.com"]
[Source "ChessBase"]
[SourceQuality "1"]
[TimeControl "40/5400+30:1800+30"]

1. d4 {[%emt 0:00:00]} Nf6 {[%emt 0:00:00]} 2. c4 {[%emt 0:00:00]} c5 {[%emt 0:00:00]} 3. d5 {[%emt 0:00:07]} b5 {[%emt 0:00:21]} 4. b3 {[%emt 0:00:49]} g6 {[%emt 0:16:18]} 5. Bb2 {[%emt 0:04:57]} bxc4 {[%emt 0:04:05]} 6. bxc4 {[%emt 0:02:11]} Bg7 {[%emt 0:00:10]} 7. Qc2 {[%emt 0:05:01]} O-O {[%emt 0:04:08]} 8. Nd2 {[%emt 0:02:36]} e6 {[%emt 0:04:56]} 9. e4 {[%emt 0:03:10]} exd5 {[%emt 0:01:38]} 10. exd5 {[%emt 0:05:00]} Re8+ {[%emt 0:01:18]} 11. Be2 {[%emt 0:02:46]} Qe7 {[%emt 0:00:47]} 12. Nb3 {[%emt 0:00:57]} d6 {[%emt 0:02:11]} 13. Nc1 {[%emt 0:06:27]} Bf5 {[%emt 0:03:24]} 14. Qd1 {[%emt 0:04:26]} Na6 {[%emt 0:09:17]} 15. a3 {[%emt 0:02:01]} Rab8 {[%emt 0:00:10]} 16. Bc3 {[%emt 0:02:59]} Ne4 {[%emt 0:00:57]} 17. Bxg7 {[%emt 0:00:24]} Kxg7 {[%emt 0:00:05]} 18. Kf1 {[%emt 0:12:19]} Qf6 {[%emt 0:02:29]} 19. Nd3 {[%emt 0:01:55]} Nc3 {[%emt 0:00:55]} 20. Qe1 {[%emt 0:03:02]} Nxe2 {[%emt 0:00:28]} 21. Nxe2 {[%emt 0:00:19]} Bxd3 {[%emt 0:00:04]} 0-1

[Event "FRA-chTW Top 12 2019"]
[Site "Vandoeuvre"]
[Date "2019.05.05"]
[Round "5.1"]
[White "Shvayger, Yuliya"]
[Black "Sebag, Marie"]
[Result "1/2-1/2"]
[WhiteElo "2373"]
[BlackElo "2476"]
[Annotator "TA"]
[PlyCount "50"]
[EventDate "2019.05.02"]
[EventType "team-tourn"]
[EventCountry "FRA"]
[SourceTitle "playchess.com"]
[Source "ChessBase"]
[SourceQuality "1"]

{[%evp 17,50,1,31,5,17,17,17,25,20,8,9,0,0,0,0,0,0,0,18,4,16,-43,-45,-36,-36,-32,-25,-33,-24,-53,-13,-18,0,-31,0]} 1. e4 c5 2. Nf3 d6 3. d4 cxd4 4. Nxd4 Nf6 5. Nc3 a6 6. g3 e5 7. Nb3 Be7 8. Bg2 O-O 9. O-O Be6 10. Re1 {B91: Sicilian Najdorf: 6 g3} Nbd7 11. a4 Qb8 (11... Rc8 12. Nd2 h6 13. Nf1 Re8 14. Ne3 Qc7 15. a5 Nf8 16. Bd2 N8h7 17. h4 Qd7 18. Na4 Bd8 {0-1 (67) Duda,J (2737)-Grischuk,A (2766) chess.com INT 2018}) 12. Nd2 {The position is equal.} Bd8 13. Nf1 Ba5 14. Bd2 Qc7 15. Ne3 Rac8 16. Qe2 Rfe8 {[#]} 17. Rec1 $146 ({Predecessor:} 17. Red1 Bb6 18. a5 Bd4 {1-0 (65) Van den Doel,E (2575)-Bok,B (2599) Amsterdam 2016}) 17... Qc5 18. Be1 Nb6 19. Rd1 ({White should play} 19. Ncd1 $11) 19... Nc4 $15 20. Nxc4 Bxc4 21. Qf3 Be6 {And now ...Bg4 would win.} 22. h3 Red8 23. Qe2 Bc4 24. Qf3 Be6 25. Qe2 Bc4 {Accuracy: White = 39%, Black = 51%.} 1/2-1/2

[Event "FRA-chTW Top 12 2019"]
[Site "Vandoeuvre"]
[Date "2019.05.05"]
[Round "5.1"]
[White "Le Du, Anaelle"]
[Black "Rapport, Jovana"]
[Result "0-1"]
[WhiteElo "1728"]
[BlackElo "2362"]
[Annotator "TA"]
[PlyCount "90"]
[EventDate "2019.05.02"]
[EventType "team-tourn"]
[EventCountry "FRA"]
[SourceTitle "playchess.com"]
[Source "ChessBase"]
[SourceQuality "1"]

{[%evp 11,126,57,66,20,11,18,0,0,0,0,-2,-22,-19,-28,73,71,94,5,5,4,10,7,12,4,9,2,13,0,0,0,0,0,0,0,24,-32,0,0,0,0,0,0,0,0,0,0,8,-14,-20,-20,-20,-19,15,16,15,15,17,-14,-14,-21,-11,-67,-66,-148,-156,-151,-148,-165,-121,-111,-93,-110,-97,-114,-49,-53,-27,-38,-47,-97,-92,-97,-54,-51,-43,-77,-72,-257,-211,-551,-516,-539,-255,-802,-743,-29965,-29971,-29964,-29971,-29971,-29973,-29973,-29974,-29974,-29975,-29975,-29976,-29981,-29982,-29982,-29983,-29983,-29984,-29984,-29985,-29985,-29986]} 1. c4 b6 2. Nf3 Bb7 3. g3 Bxf3 4. exf3 c5 5. d4 cxd4 6. Qxd4 Nc6 7. Qd1 {A10: English Opening: Unusual Replies for Black} (7. Qd3 {feels hotter.} e6 8. f4 Bb4+ 9. Nc3 Rc8 10. Bg2) (7. Qd2 e6 8. Bg2 Bb4 9. Nc3 Qf6 10. O-O Bxc3 11. bxc3 Nge7 12. f4 Rc8 13. Ba3 O-O 14. Qxd7 Rfd8 15. Qb7 Rb8 16. Bxe7 Nxe7 17. Qxa7 Nf5 18. Rad1 Qxc3 19. Rxd8+ Rxd8 20. Qxb6 Rc8 21. a4 Qxc4 22. a5 {1-0 (22) Lagarde,M (2615)-Sulava,N (2447) Cannes 2018}) 7... e6 8. a3 Rc8 9. Nd2 $146 {The position is equal.} ({Predecessor:} 9. Be2 Nge7 10. O-O Nf5 11. Bd3 g6 12. Nc3 Bg7 13. Bxf5 gxf5 14. Nb5 O-O 15. Nd6 Ra8 16. Rb1 a6 17. f4 Qc7 18. Be3 Rfb8 19. Qd3 Nd4 20. Bxd4 Qxd6 21. Rfd1 {½-½ (21) Nezar,M (2250)-Bricard,E (2485) Bissen 1995}) 9... Be7 10. Bg2 Ne5 11. Qe2 Qc7 12. b3 {[#]} Bf6 (12... Nd3+ $1 $11 {[%mdl 512]} 13. Qxd3 Qe5+ {[%mdl 64] Double Attack} 14. Ne4 Qxa1 {[%mdl 64] Double Attack}) 13. Rb1 b5 {[%cal Rb5c4]} 14. Bb2 ({White should try} 14. f4 $16 Nc6 15. O-O (15. cxb5 Nd4 $11)) 14... bxc4 $11 15. bxc4 Nc6 16. O-O Bxb2 17. Rxb2 Nge7 18. Rfb1 Na5 19. Bf1 O-O 20. Ne4 f5 21. Nd2 f4 22. Rb5 Nf5 {White must now prevent ...Nd4.} 23. Qe5 ({White should play} 23. Qd3 $11) 23... Qxe5 (23... Nd6 {is more complex.} 24. R5b2 Ndxc4 25. Qxc7 Rxc7 26. Nxc4 Nxc4 27. Bxc4 Rxc4 28. Rb7 Rd4) 24. Rxe5 Nc6 25. Reb5 Nd6 26. R5b2 Ne5 27. Kg2 Rc7 28. Re1 Ng6 29. Ne4 Nxc4 30. Bxc4 Rxc4 31. Rb7 fxg3 32. hxg3 Ne5 33. f4 Nd3 34. Rd1 Rd4 $36 {[%mdl 2048] Hoping for ...Nxf4+! Black has some pressure.} 35. Kg1 a5 36. Ng5 (36. Nc3 $11) 36... Rd5 $15 37. Rb3 (37. Nf3 $15) 37... Nxf4 $1 $17 {[%mdl 64] Discovered Attack} 38. Rxd5 Nxd5 {[%mdl 4096] Endgame KRN-KRN} 39. Rb7 h6 40. Ne4 Rf3 41. Rxd7 Rxa3 42. Nc5 Ra1+ ({Better is} 42... Nf6 $1 $17 {[%cal Rf6d7]} 43. Ra7 e5) 43. Kg2 $15 Nf6 (43... Re1 {is interesting.} 44. Ra7 Re5 45. Rxa5 Nc7 46. g4 Rd5) 44. Ra7 e5 45. Nb3 Ra3 {Played: Ra1-a2} 0-1

[Event "FRA-chTW Top 12 2019"]
[Site "Vandoeuvre"]
[Date "2019.05.05"]
[Round "5.2"]
[White "Javakhishvili, Lela"]
[Black "Gospodaru, Teodora"]
[Result "0-1"]
[WhiteElo "2459"]
[BlackElo "1434"]
[Annotator "TA"]
[PlyCount "83"]
[EventDate "2019.05.02"]
[EventType "team-tourn"]
[EventCountry "FRA"]
[SourceTitle "playchess.com"]
[Source "ChessBase"]
[SourceQuality "1"]

{[%evp 20,83,-10,-32,-15,-56,-18,-91,-86,-84,-91,-144,-144,-135,6,-2,39,34,62,64,84,74,90,88,95,93,114,102,111,109,149,100,184,149,284,306,290,301,275,209,256,253,332,333,340,342,602,591,607,671,661,639,782,779,783,764,752,730,895,893,887,881,29989,29990,29991,1130]} 1. d4 Nf6 2. c4 e6 3. Nf3 Bb4+ 4. Nbd2 b6 5. a3 Bxd2+ 6. Bxd2 Bb7 7. Bg5 d6 8. e3 Nbd7 9. Be2 h6 10. Bh4 g5 11. Bg3 h5 {Strongly threatening ...h4. E11: Bogo-Indian} 12. h3 Rg8 13. Qa4 $146 {[#]} (13. Qc2 $11) ({Predecessor:} 13. Qc2 Qe7 14. d5 h4 15. Bh2 e5 16. b4 Rg7 17. Nd2 Kf8 18. e4 c5 19. Nf1 Ng8 20. Ne3 Nh6 21. b5 Nf6 22. a4 {½-½ (22) Burmakin,V (2555)-Ulybin,M (2510) Elista 1994}) 13... Ne4 $1 $17 {Black is better.} 14. Nd2 Nxd2 {[%mdl 64] Discovered Attack} 15. Kxd2 {[#]} (15. f3 $142) 15... h4 $1 {[%cal Rh4g3]} 16. Bh2 Qf6 (16... Bxg2 $17 17. Rhg1 Bxh3) 17. f3 $11 Ke7 18. Rad1 Qg7 19. Kc1 a6 20. Qc2 Rgc8 21. Kb1 Rab8 22. Rhg1 Qh6 23. g4 b5 24. c5 Bc6 25. Qd2 Nf6 (25... dxc5 $16 26. dxc5 Ke8) 26. Qb4 {[%cal Rc5d6]} Rd8 (26... Ne8 $16 {was called for.} 27. cxd6+ cxd6) 27. e4 $18 Ra8 28. cxd6+ cxd6 29. Rc1 a5 30. Qd2 Rdc8 31. Bd3 Qg7 32. Rc2 {aiming for Rgc1.} Nd7 $2 (32... Be8 33. Rxc8 Rxc8 34. Qxa5 Bd7) 33. Rgc1 Bb7 34. Bxb5 Rxc2 35. Rxc2 Rc8 36. Rxc8 Bxc8 37. Qc3 Qh8 38. Qc7 e5 39. dxe5 dxe5 40. Bg1 Ke6 41. Bxd7+ Bxd7 42. Bc5 {[%mdl 32768] Accuracy: White = 77%, Black = 27%. . Loss on time!?} (42. Qb6+ $142 Bc6 43. Qxc6+ Ke7 44. Bc5+ Kd8 45. Qd6+ Kc8 46. Bb6 Qd8 47. Bxd8 Kb7 48. Qb6+ {[%mdl 64] Double Attack} Ka8 49. Bc7 a4 50. Qb8#) 0-1